<?xml version="1.0" encoding="UTF-8"?>
<record
    xmlns:xsi="http://www.w3.org/2001/XMLSchema-instance"
    xsi:schemaLocation="http://www.loc.gov/MARC21/slim http://www.loc.gov/standards/marcxml/schema/MARC21slim.xsd"
    xmlns="http://www.loc.gov/MARC21/slim">

  <leader>00460nam a2200169Ia 4500</leader>
  <controlfield tag="008">221220s9999    xx            000 0 und d</controlfield>
  <datafield tag="020" ind1=" " ind2=" ">
    <subfield code="a">978-1-25-909734-8</subfield>
  </datafield>
  <datafield tag="041" ind1=" " ind2=" ">
    <subfield code="a">English</subfield>
  </datafield>
  <datafield tag="100" ind1=" " ind2=" ">
    <subfield code="a">A. C. Chiang</subfield>
  </datafield>
  <datafield tag="245" ind1=" " ind2="0">
    <subfield code="a">Fundamental Method of Mathematical Economics 4th Ed.</subfield>
    <subfield code="c">by A. C. Chiang, K. Wainwright</subfield>
  </datafield>
  <datafield tag="250" ind1=" " ind2=" ">
    <subfield code="a">4th</subfield>
  </datafield>
  <datafield tag="260" ind1=" " ind2=" ">
    <subfield code="b">Mcgraw - Hill</subfield>
    <subfield code="a">India</subfield>
    <subfield code="c">2022</subfield>
  </datafield>
  <datafield tag="300" ind1=" " ind2=" ">
    <subfield code="a">688</subfield>
  </datafield>
  <datafield tag="650" ind1=" " ind2=" ">
    <subfield code="a">Management</subfield>
  </datafield>
  <datafield tag="700" ind1=" " ind2=" ">
    <subfield code="a">K. Wainwright</subfield>
  </datafield>
  <datafield tag="942" ind1=" " ind2=" ">
    <subfield code="2">DDC</subfield>
    <subfield code="c">BK</subfield>
  </datafield>
  <datafield tag="999" ind1=" " ind2=" ">
    <subfield code="c">19160</subfield>
    <subfield code="d">19160</subfield>
  </datafield>
  <datafield tag="952" ind1=" " ind2=" ">
    <subfield code="p">BBA 196</subfield>
    <subfield code="g">899.00</subfield>
    <subfield code="i">49</subfield>
    <subfield code="l">0</subfield>
    <subfield code="e">ABD, Jammu</subfield>
    <subfield code="r">2024-06-13 00:00:00</subfield>
    <subfield code="w">2022-12-20</subfield>
    <subfield code="y">BK</subfield>
    <subfield code="0">0</subfield>
    <subfield code="3">Print</subfield>
    <subfield code="4">0</subfield>
    <subfield code="7">1</subfield>
    <subfield code="a">MIETLIB</subfield>
    <subfield code="b">MIETLIB</subfield>
    <subfield code="c">173/3</subfield>
    <subfield code="d">0000-00-00</subfield>
    <subfield code="1">0</subfield>
    <subfield code="H">BBA</subfield>
  </datafield>
  <datafield tag="952" ind1=" " ind2=" ">
    <subfield code="p">BBA 197</subfield>
    <subfield code="g">899.00</subfield>
    <subfield code="i">49</subfield>
    <subfield code="l">0</subfield>
    <subfield code="e">ABD, Jammu</subfield>
    <subfield code="r">2024-06-13 00:00:00</subfield>
    <subfield code="w">2022-12-20</subfield>
    <subfield code="y">BK</subfield>
    <subfield code="0">0</subfield>
    <subfield code="3">Print</subfield>
    <subfield code="4">0</subfield>
    <subfield code="7">0</subfield>
    <subfield code="a">MIETLIB</subfield>
    <subfield code="b">MIETLIB</subfield>
    <subfield code="c">189/4</subfield>
    <subfield code="d">0000-00-00</subfield>
    <subfield code="1">0</subfield>
    <subfield code="H">BBA</subfield>
  </datafield>
  <datafield tag="952" ind1=" " ind2=" ">
    <subfield code="p">BBA 198</subfield>
    <subfield code="g">899.00</subfield>
    <subfield code="i">49</subfield>
    <subfield code="l">0</subfield>
    <subfield code="e">ABD, Jammu</subfield>
    <subfield code="r">2024-06-13 00:00:00</subfield>
    <subfield code="w">2022-12-20</subfield>
    <subfield code="y">BK</subfield>
    <subfield code="0">0</subfield>
    <subfield code="3">Print</subfield>
    <subfield code="4">0</subfield>
    <subfield code="7">0</subfield>
    <subfield code="a">MIETLIB</subfield>
    <subfield code="b">MIETLIB</subfield>
    <subfield code="c">189/4</subfield>
    <subfield code="d">0000-00-00</subfield>
    <subfield code="1">0</subfield>
    <subfield code="H">BBA</subfield>
  </datafield>
  <datafield tag="952" ind1=" " ind2=" ">
    <subfield code="p">BBA 199</subfield>
    <subfield code="g">899.00</subfield>
    <subfield code="i">49</subfield>
    <subfield code="l">0</subfield>
    <subfield code="e">ABD, Jammu</subfield>
    <subfield code="r">2024-06-13 00:00:00</subfield>
    <subfield code="w">2022-12-20</subfield>
    <subfield code="y">BK</subfield>
    <subfield code="0">0</subfield>
    <subfield code="3">Print</subfield>
    <subfield code="4">0</subfield>
    <subfield code="7">0</subfield>
    <subfield code="a">MIETLIB</subfield>
    <subfield code="b">MIETLIB</subfield>
    <subfield code="c">189/4</subfield>
    <subfield code="d">0000-00-00</subfield>
    <subfield code="1">0</subfield>
    <subfield code="H">BBA</subfield>
  </datafield>
  <datafield tag="952" ind1=" " ind2=" ">
    <subfield code="p">BBA 200</subfield>
    <subfield code="g">899.00</subfield>
    <subfield code="i">49</subfield>
    <subfield code="l">0</subfield>
    <subfield code="e">ABD, Jammu</subfield>
    <subfield code="r">2024-06-13 00:00:00</subfield>
    <subfield code="w">2022-12-20</subfield>
    <subfield code="y">BK</subfield>
    <subfield code="0">0</subfield>
    <subfield code="3">Print</subfield>
    <subfield code="4">0</subfield>
    <subfield code="7">0</subfield>
    <subfield code="a">MIETLIB</subfield>
    <subfield code="b">MIETLIB</subfield>
    <subfield code="c">189/4</subfield>
    <subfield code="d">0000-00-00</subfield>
    <subfield code="1">0</subfield>
    <subfield code="H">BBA</subfield>
  </datafield>
</record>
